Hinduja foundation encyclopaedia of sports and games / (Record no. 157359)

MARC details
000 -LEADER
fixed length control field 00627nam a22002177a 4500
003 - CONTROL NUMBER IDENTIFIER
control field dpl
005 - DATE AND TIME OF LATEST TRANSACTION
control field 20180911151421.0
008 - FIXED-LENGTH DATA ELEMENTS--GENERAL INFORMATION
fixed length control field 180911b xxu||||| |||| 00| 0 eng d
010 ## - LIBRARY OF CONGRESS CONTROL NUMBER
LC control number A-948899
020 ## - INTERNATIONAL STANDARD BOOK NUMBER
Terms of availability 0.00
035 ## - SYSTEM CONTROL NUMBER
System control number A-948899
040 ## - CATALOGING SOURCE
Original cataloging agency DPL
Language of cataloging EN
Transcribing agency 0
082 ## - DEWEY DECIMAL CLASSIFICATION NUMBER
Classification number 796.03
Item number GHO
100 ## - MAIN ENTRY--PERSONAL NAME
Personal name Ghosh, Chandan
245 ## - TITLE STATEMENT
Title Hinduja foundation encyclopaedia of sports and games /
Statement of responsibility, etc by Chandan Ghosh
260 ## - PUBLICATION, DISTRIBUTION, ETC. (IMPRINT)
Place of publication, distribution, etc Delhi
Name of publisher, distributor, etc Konark publishers pvt ltd
Date of publication, distribution, etc 1997
270 ## - ADDRESS
Address A-149, main vikas marg
City Delhi
Postal code 110092
300 ## - PHYSICAL DESCRIPTION
Extent 458p.:
Dimensions 22cm
500 ## - GENERAL NOTE
General note Include Index
942 ## - ADDED ENTRY ELEMENTS (KOHA)
Source of classification or shelving scheme Dewey Decimal Classification
Koha item type English Books
Classification part 796.03
Call number suffix GHO
Holdings
Withdrawn status Lost status Source of classification or shelving scheme Damaged status Not for loan Collection code Home library Current library Date acquired Source of acquisition Cost, normal purchase price Total Checkouts Full call number Barcode Date last seen Cost, replacement price Price effective from Koha item type
    Dewey Decimal Classification     Non-fiction Patel Nagar Patel Nagar 11/09/2018 BPPD/PUB 0.00   796.03 GHO A-948899 11/09/2018 0.00 11/09/2018 English Books

© Delhi Public Library
Hit Counter
free hit counter